Molecular electronics, circuits and processing platforms

Lyshevski (electrical engineering, Rochester Institute of Technology) introduces molecular electronics and molecular integrated circuits which use molecular devices and molecular gates engineered from molecules. Individual molecules and atoms define the overall device physics and depict the device p...

Πλήρης περιγραφή

Αποθηκεύτηκε σε:
Λεπτομέρειες βιβλιογραφικής εγγραφής
Κύριος συγγραφέας: Lyshevski, Sergey Edward
Μορφή: Βιβλίο
Γλώσσα:Undetermined
Έκδοση: Boca Raton CRC Press 2008
Θέματα:
Ετικέτες: Προσθήκη ετικέτας
Δεν υπάρχουν, Καταχωρήστε ετικέτα πρώτοι!
Thư viện lưu trữ: Trung tâm Học liệu Trường Đại học Cần Thơ
LEADER 01234nam a2200205Ia 4500
001 CTU_134397
008 210402s9999 xx 000 0 und d
020 |c 1663000 
082 |a 621.381 
082 |b L993 
100 |a Lyshevski, Sergey Edward 
245 0 |a Molecular electronics, circuits and processing platforms 
245 0 |c Sergey Edward Lyshevski 
260 |a Boca Raton 
260 |b CRC Press 
260 |c 2008 
520 |a Lyshevski (electrical engineering, Rochester Institute of Technology) introduces molecular electronics and molecular integrated circuits which use molecular devices and molecular gates engineered from molecules. Individual molecules and atoms define the overall device physics and depict the device performance, functionality, capabilities, and topologies. The graduate textbook proposes decision diagrams for designing molecular ICs, explores adaptive defect-tolerant molecular processing platforms, and employs the equations of motion to analyze microscopic particles and system behavior. 
650 |a Molecular electronics,Nanoelectronics,Molecular integrated circuits,Kỹ nghệ điện tử 
904 |i Trọng Hải 
980 |a Trung tâm Học liệu Trường Đại học Cần Thơ